000 00631nam a2200241Ia 4500
003 OSt
005 20221005130903.0
006 a|||||r|||| 00| 0
007 ta
008 221004b |||||||| |||| 00| 0 eng d
024 _a57181
037 _cTextual
040 _aCRL
_cCRL
_beng
041 _2eng
_aeng
082 _aU:2511k, G8
245 0 _aSantal Parganas [district gazetteer]
_b1938 comp. by L.S.O'Malley and Rev. by S.C.Mukharji.
250 _a2nd
260 _c1938
490 _aBihar district gazetteer
650 _aGEOGRAPHY
942 _hU:2511k, G8
_cTEXL
_2cc
999 _c1058692
_d1058692